| 000 | 00797nam a2200205 a 4500 | ||
|---|---|---|---|
| 003 | 0 | ||
| 005 | 20250519112105.0 | ||
| 008 | 021129s19uu xx 00 eng d | ||
| 050 |
_aPGS ML 3918.P67 _b.Eb16 2001 |
||
| 100 | _aEbihara, Karen B. | ||
| 245 |
_aPerceptions of grade 6 students of Southville International School on the top 2 female pop singer as a role models for the young generation / _cKaren B. Ebihara. |
||
| 260 |
_aLas PiƱas City, Philippines : _bSouthville International School and Colleges, _c2001. |
||
| 300 |
_a30 pages : _billustrations ; _c28 cm. |
||
| 504 | _aIncludes bibliographical references. | ||
| 650 |
_aPopular music _vSocial aspects. |
||
| 650 |
_aWomen singers _vPublic opinion. |
||
| 650 | _aRole models. | ||
| 650 |
_aYouth _vAttitudes. |
||
| 942 |
_2lcc _cPASS |
||
| 999 |
_c96475 _d96475 |
||